00572nam a2200169Ia 4500003000900000008004100009020001800050040001600068080002000084100001300104245011400117260003700231300001500268650006200283650004000345700001700385IN-BaIIA211028s9999 xx 000 0 eng d a1-86508-659-2 cIIA Library a520.1(091)bFRA aFrame, T 0aStromloban Australian observatorycT. Frame and D. Faulkner  aAustraliabAllen and Unwinc2003 axix, 364p. aAstronomical observatories - Australian capital territory aMount stromlo observatory - history aFaulkner, D.